000 00745nam a2200229 a 4500
001 BRCA_438
005 20190320203018.0
008 050905s1981----sp-a---###---#000-0#spa-#
020 _a8470312820
050 4 _aNK4225
_b.L43 1981
_d1887-
_qLeach, Bernard Howell
245 1 0 _aManual del ceramista
_cBernard Leach ; traducción Elisenda Sala.
260 _aBarcelona
_bBlume
_c1981
300 _a415 p.
_bil. blanco y negro
_c18 cm.
440 0 _aLibros de arte de bolsillo
_n9
_91500
500 _aIncluye índice de ilustraciones y de nombres
500 _aIncluye apéndice
500 _aTraducción de: A Potter´s Book
650 1 4 _aCerámica
_vManuales
_91501
650 1 4 _aArcilla
_91502
700 1 _aSala, Elisenda
_91503
942 _2lcc
_cB
999 _c373
_d373